Culture Générale Sport - Statistiques

Statistiques générales
  • Ce quiz a été pris 1 024 fois
  • Le résultat moyen est 7 sur 18
Statistiques - réponses
Questions Réponses % Correct
Dans la sélection de football espagnole, quels sont les 3 joueurs à figurer dans le top 10 des meilleurs buteurs et des joueurs les plus sélectionnés ? (trouvez-en au moins un) Sergio Ramos / David Silva / Fernando Torres
82%
Dans quelle ville se déroule l'Open d'Australie en tennis Melbourne
55%
Qui était Rolland Garros ? Aviateur
53%
Contre quelle pays l'équipe de France de football a-t-elle gagné son deuxième match de poule lors de la Coupe du Monde 2018 ? Pérou
50%
Quels sont les 2 seuls clubs qui ont remporté au moins 3 Champions League et 3 Europa League ? (trouvez-en au moins 1) Liverpool / Inter Milan
47%
Quelle équipe est la plus titrée de la NBA avec les Lakers (17 titres) ? Boston Celtics
45%
Qui était l'adversaire de John Isner lors du match le plus long de l'histoire du tennis à Wimbledon en 2010 (dernier set se terminant sur le score de 70 à 68) ? Nicolas Mahut
44%
Qui sont les meilleurs marqueurs de l'histoire de la Coupe du Monde de rugby avec 15 essais? (trouvez-en au moins un) Bryan Habana / Jonah Lomu
42%
Quel est le surnom de la sélection française de handball ? Les Experts
36%
Quelle nation inattendue a réussi à se qualifier dans le groupe de la mort de la Coupe du Monde de football 2014 au Brésil ? Costa Rica
35%
Quel est le 3ème sport avec le plus de licenciés en France derrière le football et le tennis ? Équitation
32%
Quel défenseur a marqué le but du 1-0 dans la finale de LDC 2014 ? Diego Godin
31%
Quel français s'est adjugé le gros globe de cristal en biathlon en 2022 ? Quentin Fillon-Maillet
28%
Qui a marqué le premier but de la finale de l'Euro 2020 après seulement 2 minutes de jeu ? Luke Shaw
22%
En 2011, malgré une finale disputée, l'équipe de France de rugby a tout de même perdu 2 matchs en poule, contre la Nouvelle-Zélande et ... Tonga
21%
Contre quel club l'attaquant niçois Carlos Eduardo a-t-il marqué un quintuplé en 2014 ? EA Guingamp
18%
Quel est le dernier club (hors PSG) à avoir remporté la Coupe de la Ligue ? RC Strasbourg
18%
Quel est le joueur le plus capé de l'histoire de la sélection allemande ? Lothar Matthäus
14%
Aucun quiz correspondant
Distribution des résultats
% des personnes avec chaque résultat
Percentile par nombre de réponses
Votre historique - résultats
Vous n’avez pas pris ce quiz